Economía y opinión / (Registro nro. 5581)

Detalles MARC
000 -LEADER
fixed length control field 00818nam a2200253Ia 4500
003 - CONTROL NUMBER IDENTIFIER
control field OSt
005 - DATE AND TIME OF LATEST TRANSACTION
control field 20200715163553.0
008 - FIXED-LENGTH DATA ELEMENTS--GENERAL INFORMATION
fixed length control field 191128s1995 ck fr 000 0 spa d
020 ## - INTERNATIONAL STANDARD BOOK NUMBER
International Standard Book Number 9586016587
040 ## - CATALOGING SOURCE
Original cataloging agency CO-JMCR
Transcribing agency CO-JMCR
041 0# - LANGUAGE CODE
Language code of text/sound track or separate title spa
082 04 - DEWEY DECIMAL CLASSIFICATION NUMBER
Classification number 338.9 /
Item number G633e
Edition number 23
100 1# - MAIN ENTRY--PERSONAL NAME
Personal name Gómez Buendia, Hernando,
Relator term editor
9 (RLIN) 7337
245 10 - TITLE STATEMENT
Title Economía y opinión /
Statement of responsibility, etc. Hernando Gómez Buendia, editor
250 ## - EDITION STATEMENT
Edition statement Primera edición
260 ## - PUBLICATION, DISTRIBUTION, ETC.
Place of publication, distribution, etc. Bogotá :
Name of publisher, distributor, etc. Tercer Mundo,
Date of publication, distribution, etc. 1995
300 ## - PHYSICAL DESCRIPTION
Extent xvii, 301 páginas ;
Dimensions 21 cm.
490 0# - SERIES STATEMENT
Series statement Académica. Economía colombiana
505 0# - FORMATTED CONTENTS NOTE
Formatted contents note Protagonistas -- Contradictores -- Observadores -- Analistas
650 14 - SUBJECT ADDED ENTRY--TOPICAL TERM
Topical term or geographic name entry element Economía colombiana
9 (RLIN) 7338
650 14 - SUBJECT ADDED ENTRY--TOPICAL TERM
Topical term or geographic name entry element Investigaciones económicas
9 (RLIN) 4613
650 14 - SUBJECT ADDED ENTRY--TOPICAL TERM
Topical term or geographic name entry element Centros de investigación
9 (RLIN) 7339
942 ## - ADDED ENTRY ELEMENTS (KOHA)
Source of classification or shelving scheme Dewey Decimal Classification
Koha item type Books
Existencias
Withdrawn status Lost status Source of classification or shelving scheme Damaged status Not for loan Collection code Home library Current library Date acquired Source of acquisition Full call number Barcode Date last seen Copy number Koha item type
    Dewey Decimal Classification     Non-fiction Biblioteca Pública José María del Castillo y Rada Biblioteca Pública José María del Castillo y Rada 04/15/2018 Donación 338.9 / G633e 430002242 05/16/2024 Ej.1 Books